「-」を含む駅名 - Statistics

General Stats
  • This quiz has been taken 190 times
  • The average score is 28 of 98
Answer Stats
駅名 都道府県 % Correct
センター北 神奈川県
69%
センター南 神奈川県
68%
高輪ゲートウェイ 東京都
66%
東京テレポート 東京都
60%
京王多摩センター 東京都
58%
小田急多摩センター 東京都
57%
多摩センター 東京都
54%
品川シーサイド 東京都
53%
羽田空港第1・第2ターミナル 東京都
53%
羽田空港第3ターミナル 東京都
53%
羽田空港第3ターミナル 東京都
53%
羽田空港第1ターミナル 東京都
52%
羽田空港第2ターミナル 東京都
51%
流通センター 東京都
49%
ガーラ湯沢 新潟県
47%
リゾートゲートウェイ・ステーション 千葉県
46%
あしかがフラワーパーク 栃木県
41%
東京ディズニーシー・ステーション 千葉県
41%
ユニバーサルシティ 大阪府
40%
とうきょうスカイツリー 東京都
40%
東武ワールドスクウェア 栃木県
40%
テレコムセンター 東京都
40%
東京ディズニーランド・ステーション 千葉県
40%
バルーンさが 佐賀県
39%
千葉ニュータウン中央 千葉県
39%
南町田グランベリーパーク 東京都
39%
東京国際クルーズターミナル 東京都
39%
スペースワールド 福岡県
38%
たまプラーザ 神奈川県
38%
ベイサイド・ステーション 千葉県
37%
ドーム前 大阪府
35%
国際センター 宮城県
34%
流山セントラルパーク 千葉県
34%
国際センター 愛知県
34%
尼崎センタープール前 兵庫県
33%
フェリーターミナル 大阪府
33%
鹿島サッカースタジアム 茨城県
31%
上越国際スキー場前 新潟県
31%
ソシオ流通センター 埼玉県
31%
心臓血管センター 群馬県
31%
ドーム前千代崎 大阪府
31%
大阪ビジネスパーク 大阪府
31%
松江イングリッシュガーデン前 島根県
31%
サッポロビール庭園 北海道
30%
呉ポートピア 広島県
30%
モノレール浜松町 東京都
30%
ナゴヤドーム前矢田 愛知県
30%
ユーカリが丘 千葉県
29%
ポートタウン東 大阪府
29%
計算科学センター 兵庫県
29%
ポートタウン西 大阪府
28%
岩原スキー場前 新潟県
27%
スクリーン 滋賀県
25%
バスセンター前 北海道
24%
スポーツセンター 千葉県
24%
トレードセンター前 大阪府
24%
ハーバーランド 兵庫県
24%
広川ビーチ 和歌山県
23%
ファミリー公園前 奈良県
23%
貿易センター 兵庫県
23%
松江フォーゲルパーク 島根県
23%
原爆ドーム前 広島県
22%
地区センター 千葉県
21%
ポートターミナル 兵庫県
21%
アイランドセンター 兵庫県
21%
医療センター 兵庫県
20%
ラベンダー畑 北海道
18%
西春江ハートピア 福井県
18%
マリンパーク 兵庫県
18%
田んぼアート 青森県
15%
石川プール前 青森県
15%
産業振興センター 神奈川県
15%
総合リハビリセンター 愛知県
15%
フラワータウン 兵庫県
15%
再春医療センター前 熊本県
15%
オークスカナルパークホテル富山前 富山県
14%
フルーツパーク 静岡県
14%
鈴鹿サーキット稲生 三重県
14%
交通センター前 和歌山県
13%
宮島ボートレース場(臨) 広島県
12%
ロープウェイ入口 北海道
11%
スポーツ公園 福井県
11%
商工センター入口 広島県
11%
デンテツターミナルビル前 高知県
11%
芳賀町工業団地管理センター前 栃木県
10%
グリーンスタジアム前 栃木県
9%
急患医療センター前 富山県
9%
サンドーム西 福井県
9%
ハーモニーホール 福井県
9%
出雲科学館パークタウン前 島根県
9%
清原地区市民センター前 栃木県
8%
大手モール 富山県
8%
浜町アーケード 長崎県
7%
メディカルセンター 長崎県
7%
東山・おかでんミュージアム駅 岡山県
6%
ノーフォーク広場 福岡県
6%
スタジアムシティノース 長崎県
5%
函館アリーナ前 北海道
4%
No matching quizzes found
Score Distribution
Percent of People with Each Score
Percentile by Number Answered
Your Score History
You have not taken this quiz